[Event "COL-ch sf (Women)"]
[Site "Pereira"]
[Date "2024.03.31"]
[Round "8"]
[White "Ladron De Guevara Mendez, Lorena"]
[Black "Sanchez Riobo, Emily Dainne"]
[Result "1-0"]
[WhiteElo "1625"]
[BlackElo "1687"]
[PlyCount "49"]
[EventDate "2024.03.27"]
[EventType "swiss"]
[EventRounds "9"]
[EventCountry "COL"]
[SourceTitle "CB14_2024"]
[SourceDate "2024.04.01"]
[SourceVersion "1"]
[SourceVersionDate "2024.04.01"]
[SourceQuality "1"]

1. e4 c6 2. d4 d5 3. e5 Bf5 4. Nf3 e6 5. Be2 Nd7 6. 0-0 h6 7. Be3 Ne7 8. c4 dxc4 9. Bxc4 Nb6 10. Bd3 Bxd3 11. Qxd3 Ned5 12. Nc3 Be7 13. Rae1 Rc8 14. Nd2 Bg5 15. Bxg5 Qxg5 16. Nde4 Nf4 17. Qf3 Qxg2+ 18. Qxg2 Nxg2 19. Nd6+ Kd7 20. Kxg2 Rb8 21. Nxf7 Rhf8 22. Nd6 Kc7 23. Nce4 Kd8 24. Nc5 Ke7 25. Ncxb7 1-0

[Event "COL-chT (Women)"]
[Site "Risaralda"]
[Date "2023.11.19"]
[Round "2.4"]
[White "Moreno Gonzalez, Maria Camila"]
[Black "Sanchez Riobo, Emily Dainne"]
[Result "1-0"]
[WhiteElo "1793"]
[BlackElo "1478"]
[PlyCount "67"]
[EventDate "2023.11.19"]
[EventType "team-swiss"]
[EventRounds "7"]
[EventCountry "COL"]
[SourceTitle "CB49_2023"]
[SourceDate "2023.12.06"]
[SourceVersion "1"]
[SourceVersionDate "2023.12.06"]
[SourceQuality "1"]
[WhiteTeam "Bogota (W)"]
[BlackTeam "Risaralda (W)"]
[WhiteTeamCountry "COL"]
[BlackTeamCountry "COL"]

1. d4 d5 2. c4 c6 3. cxd5 cxd5 4. Bf4 Nc6 5. e3 a6 6. Nc3 Nf6 7. Nf3 Bg4 8. Be2 e6 9. h3 Bxf3 10. Bxf3 Be7 11. 0-0 Rc8 12. Rc1 0-0 13. Be2 Na5 14. b3 Ba3 15. Rc2 b5 16. Nb1 Rxc2 17. Qxc2 Bd6 18. Bxd6 Qxd6 19. Rc1 g6 20. Bd3 Rd8 21. Nd2 Qa3 22. Nf3 Rd7 23. Ne5 Rb7 24. Qc8+ Kg7 25. Rc2 Qe7 26. Qc3 Qd8 27. f3 Nd7 28. Ng4 f6 29. e4 b4 30. Qd2 g5 31. exd5 exd5 32. Qe3 h5 33. Rc8 Qxc8 34. Qe7+ 1-0

[Event "COL-chT (Women)"]
[Site "Risaralda"]
[Date "2023.11.19"]
[Round "1.4"]
[White "Sanchez Riobo, Emily Dainne"]
[Black "Siempira Hurtado, Diana"]
[Result "1-0"]
[WhiteElo "1478"]
[BlackElo "1532"]
[PlyCount "30"]
[EventDate "2023.11.19"]
[EventType "team-swiss"]
[EventRounds "7"]
[EventCountry "COL"]
[SourceTitle "CB49_2023"]
[SourceDate "2023.12.06"]
[SourceVersion "1"]
[SourceVersionDate "2023.12.06"]
[SourceQuality "1"]
[WhiteTeam "Risaralda (W)"]
[BlackTeam "Casanare (W)"]
[WhiteTeamCountry "COL"]
[BlackTeamCountry "COL"]

1. d4 d5 2. c4 Nf6 3. Nf3 Bg4 4. g3 Bxf3 5. exf3 e6 6. Nc3 Bd6 7. Qb3 Qc8 8. cxd5 exd5 9. Nxd5 Nxd5 10. Qxd5 Qe6+ 11. Qe4 Qxe4+ 12. fxe4 0-0 13. Bd2 Nc6 14. Bc3 Rfe8 15. Bg2 f6 1-0

[Event "Rivera Huila Hernandez Memorial-B"]
[Site "Rivera Huila"]
[Date "2023.07.22"]
[Round "4"]
[White "Puerta Rendon, Jacobo"]
[Black "Sanchez Riobo, Emily Dainne"]
[Result "1-0"]
[WhiteElo "1833"]
[BlackElo "1388"]
[PlyCount "105"]
[EventDate "2023.07.20"]
[EventType "swiss"]
[EventRounds "7"]
[EventCountry "COL"]
[SourceTitle "CBM 215 Extra"]
[Source "ChessBase"]
[SourceDate "2023.09.30"]
[SourceVersion "1"]
[SourceVersionDate "2023.09.30"]
[SourceQuality "1"]

1. e4 e5 2. Nf3 Nc6 3. Bb5 Nf6 4. d3 Bc5 5. c3 Qe7 6. 0-0 0-0 7. Re1 d6 8. a4 a5 9. Nbd2 h6 10. h3 Nd8 11. d4 exd4 12. e5 Nd5 13. exd6 Qxd6 14. Ne4 Qb6 15. Nxc5 Qxc5 16. Nxd4 c6 17. Bd3 Ne6 18. Qh5 Ndf4 19. Qxc5 Nxc5 20. Bc2 Nd5 21. Re5 Nd7 22. Re2 N7f6 23. Bd2 Bd7 24. Bf5 Rfe8 25. Rxe8+ Rxe8 26. Re1 Rxe1+ 27. Bxe1 Nf4 28. Bd2 Ne6 29. Bxe6 fxe6 30. c4 b6 31. c5 bxc5 32. Nf3 Nd5 33. Ne5 Bc8 34. Bxa5 Bb7 35. Nd3 c4 36. Nc5 Bc8 37. Kf1 Kf8 38. Ke2 Ke7 39. Ne4 Kd7 40. Kd2 e5 41. Kc2 Ke6 42. b3 cxb3+ 43. Kxb3 Nf6 44. Nxf6 gxf6 45. Kc4 Kd6 46. Bb4+ Kc7 47. Kc5 Bf5 48. Ba5+ Kb7 49. Bd8 Be4 50. g4 Bg2 51. h4 Bh3 52. Bxf6 Bxg4 53. Bxe5 1-0

[Event "COL-chT Blitz (Women)"]
[Site "Santa Marta"]
[Date "2022.11.07"]
[Round "9.4"]
[White "Valencia Lopez, Greissy Sofia"]
[Black "Sanchez Riobo, Emily Dainne"]
[Result "1-0"]
[WhiteElo "1560"]
[BlackElo "1628"]
[PlyCount "110"]
[EventDate "2022.11.07"]
[EventType "team-swiss"]
[EventRounds "9"]
[EventCountry "COL"]
[SourceTitle "CBM 211 Extra"]
[Source "ChessBase"]
[SourceDate "2023.01.31"]
[SourceVersion "1"]
[SourceVersionDate "2023.01.31"]
[SourceQuality "1"]
[WhiteTeam "Caqueta (W)"]
[BlackTeam "Risaralda (W)"]
[WhiteTeamCountry "COL"]
[BlackTeamCountry "COL"]

1. e4 c6 2. Nf3 d5 3. exd5 cxd5 4. d4 Nf6 5. c4 Bg4 6. Nc3 e6 7. Bg5 Be7 8. Be2 h6 9. Bh4 Nc6 10. a3 Qb6 11. cxd5 Nxd5 12. Bxe7 Kxe7 13. Na4 Qd8 14. h3 Bxf3 15. Bxf3 Re8 16. 0-0 Kf8 17. b4 b6 18. Qc2 Nxd4 19. Qh7 Nxf3+ 20. gxf3 Qg5+ 21. Kh1 Nf4 22. Rg1 Qh4 23. Qxg7+ Ke7 24. Qg3 Qxh3+ 25. Qxh3 Nxh3 26. Rgf1 Rg8 27. Rad1 Rg5 28. Rd4 Rh5 29. Kg2 Rg8+ 30. Rg4 Nf4+ 31. Kg3 Ne2+ 32. Kg2 Rxg4+ 33. fxg4 Rd5 34. Re1 Nf4+ 35. Kf3 Ng6 36. Re3 h5 37. gxh5 Rxh5 38. Ke2 Nf4+ 39. Kd2 Rh2 40. Rf3 Nd5 41. Nb2 f5 42. Nc4 Nc7 43. Ne5 Nb5 44. a4 Nd4 45. Rd3 Rxf2+ 46. Ke3 Rb2 47. Kxd4 Rxb4+ 48. Kc3 Rxa4 49. Kb3 Re4 50. Nc6+ Kf6 51. Nxa7 f4 52. Rf3 Kg5 53. Kc2 Kg4 54. Rf1 Rb4 55. Kc3 Re4 1-0

[Event "COL-chT (Women)"]
[Site "Santa Marta"]
[Date "2022.11.04"]
[Round "5.4"]
[White "Melgarejo Suarez, Aritna Valentina"]
[Black "Sanchez Riobo, Emily Dainne"]
[Result "1-0"]
[WhiteElo "1536"]
[BlackElo "1378"]
[PlyCount "107"]
[EventDate "2022.11.02"]
[EventType "team-swiss"]
[EventRounds "7"]
[EventCountry "COL"]
[SourceTitle "CBM 211 Extra"]
[Source "ChessBase"]
[SourceDate "2023.01.31"]
[SourceVersion "1"]
[SourceVersionDate "2023.01.31"]
[SourceQuality "1"]
[WhiteTeam "Boyaca (W)"]
[BlackTeam "Risaralda (W)"]
[WhiteTeamCountry "COL"]
[BlackTeamCountry "COL"]

1. e4 c6 2. d4 d5 3. exd5 cxd5 4. Bd3 Nc6 5. c3 Nf6 6. Bf4 Qb6 7. Qb3 e6 8. Nf3 Be7 9. Nbd2 h6 10. 0-0 0-0 11. Rfe1 Nh5 12. Qxb6 axb6 13. Bc7 Bd8 14. Bd6 Re8 15. Ne5 Bg5 16. Ndf3 Na7 17. Nxg5 hxg5 18. a4 Nf4 19. Bf1 f6 20. Nf3 Bd7 21. g3 Ng6 22. Bc7 Nc8 23. Bh3 Kf7 24. a5 bxa5 25. Bxa5 Nd6 26. Nd2 Rh8 27. Bb4 Rad8 28. Bf1 Nf5 29. Ra7 Bc6 30. Nb3 Nge7 31. Nc5 Rh7 32. Nxe6 Rdh8 33. h3 g6 34. Bxe7 Nxe7 35. Nc5 Nc8 36. Ra3 f5 37. Ne6 Kf6 38. f4 gxf4 39. Nxf4 Kf7 40. Bg2 Ne7 41. Re5 Kf6 42. h4 Kf7 43. Rxe7+ Kxe7 44. Nxg6+ Ke6 45. Nxh8 Rxh8 46. Kf2 f4 47. Bh3+ Kf6 48. gxf4 Rxh4 49. Kg3 Rh8 50. Ra5 Re8 51. Bg2 Ke6 52. c4 Rg8+ 53. Kf2 dxc4 54. d5+ 1-0

[Event "COL-chT Rapid (Women)"]
[Site "Santa Marta"]
[Date "2022.11.03"]
[Round "3.4"]
[White "Sanchez Riobo, Emily Dainne"]
[Black "Martinez Salgado, Gabriela"]
[Result "1-0"]
[WhiteElo "1545"]
[BlackElo "1263"]
[PlyCount "36"]
[EventDate "2022.11.02"]
[EventType "team-swiss"]
[EventRounds "7"]
[EventCountry "COL"]
[SourceTitle "CBM 211 Extra"]
[Source "ChessBase"]
[SourceDate "2023.01.31"]
[SourceVersion "1"]
[SourceVersionDate "2023.01.31"]
[SourceQuality "1"]
[WhiteTeam "Risaralda (W)"]
[BlackTeam "Caldas (W)"]
[WhiteTeamCountry "COL"]
[BlackTeamCountry "COL"]

1. d4 Nf6 2. Nf3 g6 3. g3 Bg7 4. Bg2 d6 5. 0-0 Nbd7 6. c4 c5 7. e4 a6 8. Nc3 Rb8 9. Qe2 b6 10. Re1 0-0 11. h4 h5 12. dxc5 Nxc5 13. Nd4 Qc7 14. b4 Ncd7 15. Nd5 Nc5 16. Nc3 Ncd7 17. Nd5 Nxd5 18. exd5 Ne5 1-0

[Event "COL-ch U26 (Women)"]
[Site "Cali"]
[Date "2022.09.30"]
[Round "6"]
[White "Gomez Saenz, Manuela"]
[Black "Sanchez Riobo, Emily Dainne"]
[Result "1-0"]
[WhiteElo "1478"]
[BlackElo "1378"]
[PlyCount "61"]
[EventDate "2022.09.28"]
[EventType "swiss"]
[EventRounds "6"]
[EventCountry "COL"]
[SourceTitle "CBM 210 Extra"]
[Source "ChessBase"]
[SourceDate "2022.11.30"]
[SourceVersion "1"]
[SourceVersionDate "2022.11.30"]
[SourceQuality "1"]

1. e4 c6 2. d4 d5 3. exd5 cxd5 4. Bd3 Nf6 5. Bf4 Qb6 6. Nf3 Qxb2 7. Nbd2 Qb6 8. 0-0 Nc6 9. c3 h6 10. Re1 e6 11. Ne5 a6 12. Nf1 Be7 13. Ng3 Bd7 14. Rb1 Qa7 15. Nh5 Nxh5 16. Qxh5 Nxe5 17. Qxe5 Kf8 18. Re3 b5 19. Rg3 Bf6 20. Qh5 Ke7 21. Re1 Qb7 22. Be5 Rac8 23. Bxf6+ gxf6 24. Rg7 Rcf8 25. Bg6 Be8 26. f4 Kd6 27. f5 exf5 28. Qxf5 Bd7 29. Qf4+ Kc6 30. Qxf6+ Be6 31. Rxe6+ 1-0

[Event "Pan American-ch U20 Girls"]
[Site "Pereira"]
[Date "2022.08.24"]
[Round "3"]
[White "Sanchez Riobo, Emily Dainne"]
[Black "Medina Baquiro, Paula Andrea"]
[Result "1-0"]
[WhiteElo "1405"]
[BlackElo "1235"]
[PlyCount "79"]
[EventDate "2022.08.23"]
[EventType "swiss"]
[EventRounds "9"]
[EventCountry "COL"]
[SourceTitle "CBM 210 Extra"]
[Source "ChessBase"]
[SourceDate "2022.11.30"]
[SourceVersion "1"]
[SourceVersionDate "2022.11.30"]
[SourceQuality "1"]

1. d4 Nf6 2. Nf3 d6 3. g3 g6 4. Bg2 Bg7 5. c4 c6 6. Nc3 d5 7. Qb3 dxc4 8. Qxc4 Be6 9. Qd3 Na6 10. a3 Nc7 11. e4 h6 12. Be3 Qd7 13. Ne5 Qc8 14. Rd1 Ng4 15. Nxg4 Bxg4 16. f3 Bh3 17. Kf2 Bxg2 18. Kxg2 Qd7 19. Rd2 Rd8 20. Rhd1 a6 21. Na4 e5 22. Nc5 Qc8 23. Qe2 exd4 24. Bxd4 Rxd4 25. Rxd4 Bxd4 26. Rxd4 Ne6 27. Nxe6 Qxe6 28. Qd2 Qe7 29. Qf4 Kf8 30. Rd6 g5 31. Qd2 Ke8 32. Qd4 Rh7 33. e5 Qc7 34. Qe4 Rg7 35. Rxh6 Qb6 36. b4 Qc7 37. Rh8+ Ke7 38. Qf5 Rg6 39. Rh7 Kd8 40. Rxf7 1-0

[Event "COL-ch U20 Girls"]
[Site "Barranquilla"]
[Date "2022.07.10"]
[Round "8"]
[White "Fernandez Noriega, Shayra Maria"]
[Black "Sanchez Riobo, Emily Dainne"]
[Result "0-1"]
[WhiteElo "1266"]
[BlackElo "1361"]
[PlyCount "106"]
[EventDate "2022.07.06"]
[EventType "swiss"]
[EventRounds "9"]
[EventCountry "COL"]
[SourceTitle "EXT 2023"]
[Source "ChessBase"]
[SourceDate "2022.10.05"]
[SourceVersion "1"]
[SourceVersionDate "2022.10.05"]
[SourceQuality "1"]

1. e4 c6 2. d4 d5 3. Nc3 dxe4 4. Nxe4 Nf6 5. Nc3 Bf5 6. Nf3 h6 7. Bd3 Bxd3 8. Qxd3 e6 9. Be3 Nbd7 10. 0-0 Bd6 11. Ne2 0-0 12. h3 Qe7 13. Bf4 Rad8 14. Bxd6 Qxd6 15. Ng3 e5 16. dxe5 Nxe5 17. Qxd6 Nxf3+ 18. gxf3 Rxd6 19. Rad1 Rfd8 20. Rxd6 Rxd6 21. Kh2 Rd2 22. Rg1 Rxc2 23. Nf5 Rxf2+ 24. Rg2 Rxg2+ 25. Kxg2 h5 26. Kg3 g6 27. Ne7+ Kf8 28. Nc8 a5 29. Nd6 b5 30. Kf4 Ke7 31. Ne4 Nd5+ 32. Ke5 Nb4 33. Nc3 Nd3+ 34. Kd4 Nxb2 35. Kc5 Kd7 36. Kb6 a4 37. Ka5 f5 38. Kb4 g5 39. Kc5 Nd3+ 40. Kd4 Ne1 41. Ke3 Kd6 42. f4 Ng2+ 43. Kd4 Nxf4 44. Nd1 Nxh3 45. Ne3 f4 46. Nf5+ Kd7 47. Ke4 g4 48. Nh4 b4 49. Kd3 f3 50. Kc4 b3 51. axb3 a3 52. Kc3 f2 53. b4 f1Q 0-1

[Event "COL-ch U20 Girls"]
[Site "Barranquilla"]
[Date "2022.07.08"]
[Round "4"]
[White "Brito Carrascal, Isabela"]
[Black "Sanchez Riobo, Emily Dainne"]
[Result "0-1"]
[WhiteElo "1599"]
[BlackElo "1361"]
[PlyCount "75"]
[EventDate "2022.07.06"]
[EventType "swiss"]
[EventRounds "9"]
[EventCountry "COL"]
[SourceTitle "EXT 2023"]
[Source "ChessBase"]
[SourceDate "2022.10.05"]
[SourceVersion "1"]
[SourceVersionDate "2022.10.05"]
[SourceQuality "1"]

1. e4 c6 2. d4 d5 3. e5 Bf5 4. g4 Bg6 5. e6 fxe6 6. h4 Nf6 7. g5 Ne4 8. h5 Bf5 9. Nd2 Nxg5 10. Ngf3 Nxf3+ 11. Nxf3 Qd6 12. Ne5 Nd7 13. Nxd7 Kxd7 14. f4 Rc8 15. c3 g5 16. Qd2 gxf4 17. Qxf4 Qxf4 18. Bxf4 Bg7 19. Kd2 Rhf8 20. Be3 Rf7 21. Be2 e5 22. dxe5 Bxe5 23. Bxa7 c5 24. Raf1 e6 25. a4 Rg7 26. Rf2 Kd6 27. Bb6 Rcg8 28. Rc1 Kc6 29. a5 Rg5 30. b4 Rg3 31. b5+ Kd6 32. Rf3 Be4 33. Re3 R8g7 34. h6 Rd7 35. Rxg3 Bxg3 36. Bg4 Bh4 37. Ra1 Bf6 38. Re1 0-1

[Event "COL-ch U20 Girls"]
[Site "Barranquilla"]
[Date "2022.07.08"]
[Round "5"]
[White "Sanchez Riobo, Emily Dainne"]
[Black "Hernandez Bermudez, Manuela"]
[Result "0-1"]
[WhiteElo "1361"]
[BlackElo "1871"]
[PlyCount "72"]
[EventDate "2022.07.06"]
[EventType "swiss"]
[EventRounds "9"]
[EventCountry "COL"]
[SourceTitle "EXT 2023"]
[Source "ChessBase"]
[SourceDate "2022.10.05"]
[SourceVersion "1"]
[SourceVersionDate "2022.10.05"]
[SourceQuality "1"]

1. d4 Nf6 2. Nf3 g6 3. g3 Bg7 4. Bg2 0-0 5. 0-0 d5 6. b3 c5 7. Bb2 Ne4 8. Nbd2 Nc6 9. e3 h6 10. c4 Be6 11. Qc1 Nxd2 12. Qxd2 dxc4 13. bxc4 cxd4 14. Bxd4 Nxd4 15. Nxd4 Bxc4 16. Rfd1 Bd5 17. e4 Bc4 18. Qb4 Bxd4 19. Qxc4 Bxa1 20. Rxd8 Rfxd8 21. Bf3 Rac8 22. Qb4 Rc7 23. h4 Bc3 24. Qb5 Rd2 25. h5 Bd4 26. Qe8+ Kg7 27. hxg6 fxg6 28. Qa4 e5 29. Kh2 Rxf2+ 30. Bg2 h5 31. Kh3 Rf8 32. Qb3 Rf6 33. Kh4 b6 34. Qa4 Rf8 35. Bh3 Kh6 36. Qa3 g5# 0-1

[Event "COL-ch U20 Girls"]
[Site "Barranquilla"]
[Date "2022.07.07"]
[Round "2"]
[White "Fernandez Noriega, Adriana Sofia"]
[Black "Sanchez Riobo, Emily Dainne"]
[Result "0-1"]
[WhiteElo "1403"]
[BlackElo "1361"]
[PlyCount "98"]
[EventDate "2022.07.06"]
[EventType "swiss"]
[EventRounds "9"]
[EventCountry "COL"]
[SourceTitle "EXT 2023"]
[Source "ChessBase"]
[SourceDate "2022.10.05"]
[SourceVersion "1"]
[SourceVersionDate "2022.10.05"]
[SourceQuality "1"]

1. e4 c6 2. d4 d5 3. e5 Bf5 4. Bf4 e6 5. Nf3 h6 6. Bd3 Bxd3 7. Qxd3 Qb6 8. b3 Nd7 9. 0-0 c5 10. Nbd2 Ne7 11. c4 Ng6 12. Bg3 cxd4 13. cxd5 Bc5 14. Nc4 Qa6 15. dxe6 Qxe6 16. Nxd4 Bxd4 17. Qxd4 0-0 18. Rfe1 b6 19. Rad1 Nc5 20. Qd6 Rfe8 21. f4 Qf5 22. Qd2 Re7 23. Nd6 Qd7 24. f5 Nf8 25. Qd5 Rd8 26. Bf2 Na6 27. Re3 Nb4 28. Qd2 Nc6 29. Rde1 Rxe5 30. Bg3 Rxe3 31. Qxe3 Nh7 32. Rd1 Nf6 33. Bh4 Re8 34. Nxe8 Qxd1+ 35. Be1 Ng4 36. Qc3 Nge5 37. h3 Qd7 38. Nxg7 Kxg7 39. Qg3+ Kf6 40. Qh4+ Kxf5 41. g4+ Ke6 42. Qxh6+ f6 43. Kg2 Qd5+ 44. Kf1 Qd3+ 45. Kg2 Qf3+ 46. Kg1 Nd4 47. Bf2 Ne2+ 48. Kf1 Ng3+ 49. Ke1 Qe2# 0-1

[Event "Central America Carribean-ch U20 Girls"]
[Site "Pereira"]
[Date "2021.09.26"]
[Round "8"]
[White "Ladron De Guevara Mendez, Lorena"]
[Black "Sanchez Riobo, Emily Dainne"]
[Result "0-1"]
[WhiteElo "1294"]
[BlackElo "1318"]
[PlyCount "72"]
[EventDate "2021.09.21"]
[EventType "swiss"]
[EventRounds "9"]
[EventCountry "COL"]
[SourceTitle "EXT 2023"]
[Source "ChessBase"]
[SourceDate "2022.10.05"]
[SourceVersion "1"]
[SourceVersionDate "2022.10.05"]
[SourceQuality "1"]

1. e4 c6 2. d4 d5 3. exd5 Qxd5 4. Nc3 Qd8 5. Bf4 Nf6 6. Nf3 h6 7. h3 Bf5 8. Bd3 Bxd3 9. Qxd3 e6 10. Ne4 Be7 11. c3 Qd5 12. Nxf6+ Bxf6 13. 0-0 0-0 14. Rfe1 Nd7 15. Ne5 Rad8 16. Qg3 Nxe5 17. dxe5 Bg5 18. h4 Bxf4 19. Qxf4 Qd2 20. Qb4 b6 21. g3 Qc2 22. Rac1 Qf5 23. Re2 Rd5 24. Rce1 Rfd8 25. c4 Rd4 26. b3 c5 27. Qc3 Rd3 28. Qc2 R8d4 29. Kh2 Rxh4+ 30. Kg1 Rh5 31. Re4 Qh3 32. Rh4 Rxg3+ 33. fxg3 Qxg3+ 34. Kf1 Rxh4 35. Qg2 Rf4+ 36. Kg1 Qxe1+ 0-1

[Event "Central America Carribean-ch U20 Girls"]
[Site "Pereira"]
[Date "2021.09.26"]
[Round "9"]
[White "Leal, Dayana Vanessa"]
[Black "Sanchez Riobo, Emily Dainne"]
[Result "0-1"]
[WhiteElo "1550"]
[BlackElo "1318"]
[PlyCount "138"]
[EventDate "2021.09.21"]
[EventType "swiss"]
[EventRounds "9"]
[EventCountry "COL"]
[SourceTitle "EXT 2023"]
[Source "ChessBase"]
[SourceDate "2022.10.05"]
[SourceVersion "1"]
[SourceVersionDate "2022.10.05"]
[SourceQuality "1"]

1. d4 d5 2. c4 c6 3. cxd5 cxd5 4. Bf4 Nc6 5. Nc3 a6 6. e3 Nf6 7. Bd3 e6 8. Rc1 Qb6 9. Qd2 Bb4 10. a3 Bxc3 11. Qxc3 0-0 12. Ne2 Bd7 13. 0-0 Rac8 14. Bd6 Rfe8 15. Bc5 Qd8 16. Qd2 e5 17. dxe5 Nxe5 18. Bb1 Nc4 19. Qd4 Bc6 20. Rfd1 Ne4 21. Bb4 a5 22. Be1 Qf6 23. Qxf6 Nxf6 24. Bc3 Ne4 25. Bd4 Ba4 26. Rd3 Ncd2 27. Nc3 Nxb1 28. Rxb1 Bc2 29. Rbd1 Bxd1 30. Rxd1 Nxc3 31. Bxc3 Rc5 32. Kf1 Rec8 33. Ke2 f6 34. Kf3 Kf7 35. Rd4 b6 36. Rd3 Ke6 37. Bd4 R5c6 38. Rb3 Rb8 39. Rb5 a4 40. h4 h5 41. g3 g6 42. Kf4 Rc2 43. f3 Rc4 44. g4 hxg4 45. fxg4 Kd6 46. h5 gxh5 47. gxh5 Kc6 48. Rb4 Rxb4 49. axb4 Rh8 50. Kg4 Rh6 51. Bc3 Kb5 52. Bd4 Kc6 53. Bc3 Kd6 54. Bd4 b5 55. Bc5+ Ke5 56. Bd4+ Ke4 57. Bc5 Rh8 58. Bd4 Rg8+ 59. Kh4 f5 60. Bc5 Rg2 61. Bd4 f4 62. Kh3 Rg8 63. h6 f3 64. h7 Rf8 65. Kg3 f2 66. h8Q Rxh8 67. Kxf2 Rh2+ 68. Kf1 Kd3 69. Ke1 Re2+ 0-1

[Event "Central America Carribean-ch U20 Girls"]
[Site "Pereira"]
[Date "2021.09.24"]
[Round "5"]
[White "Sanchez Riobo, Emily Dainne"]
[Black "Pinillo Canon, Silvana"]
[Result "0-1"]
[WhiteElo "1318"]
[BlackElo "1796"]
[PlyCount "64"]
[EventDate "2021.09.21"]
[EventType "swiss"]
[EventRounds "9"]
[EventCountry "COL"]
[SourceTitle "EXT 2023"]
[Source "ChessBase"]
[SourceDate "2022.10.05"]
[SourceVersion "1"]
[SourceVersionDate "2022.10.05"]
[SourceQuality "1"]

1. d4 d5 2. c4 dxc4 3. Nf3 Nf6 4. Qa4+ Nc6 5. Qxc4 e6 6. g3 Be7 7. Bg2 0-0 8. 0-0 a6 9. b3 Bd7 10. Ne5 Nxe5 11. dxe5 Nd5 12. Bxd5 exd5 13. Qxd5 Qc8 14. Nd2 Bc6 15. Qc4 Qf5 16. Bb2 Rfd8 17. e4 Qe6 18. Qc2 Bb4 19. Bc3 Bxc3 20. Qxc3 Bb5 21. Rfe1 Rd3 22. Qc2 Rad8 23. Nc4 Bxc4 24. Qxc4 Qxe5 25. Rac1 R8d7 26. Qb4 c6 27. Rc2 h6 28. Ree2 Rd1+ 29. Re1 a5 30. Qc4 Rxe1+ 31. Kg2 Qd4 32. Qc5 Qxe4+ 0-1

[Event "Central America Carribean-ch U20 Girls"]
[Site "Pereira"]
[Date "2021.09.22"]
[Round "3"]
[White "Castillo Beitia, Ashley Alexandra"]
[Black "Sanchez Riobo, Emily Dainne"]
[Result "1-0"]
[WhiteElo "1543"]
[BlackElo "1318"]
[PlyCount "79"]
[EventDate "2021.09.21"]
[EventType "swiss"]
[EventRounds "9"]
[EventCountry "COL"]
[SourceTitle "EXT 2023"]
[Source "ChessBase"]
[SourceDate "2022.10.05"]
[SourceVersion "1"]
[SourceVersionDate "2022.10.05"]
[SourceQuality "1"]

1. d4 d5 2. Bf4 Bf5 3. e3 Nf6 4. Nf3 h6 5. c4 e6 6. Nc3 Bb4 7. Qa4+ Nc6 8. Ne5 0-0 9. Nxc6 Bxc3+ 10. bxc3 bxc6 11. Qxc6 Rc8 12. Be2 Ne4 13. cxd5 exd5 14. Ba6 Rb8 15. Bxc7 Bd7 16. Bxd8 Bxc6 17. Be7 Rfe8 18. Bb4 Re6 19. 0-0 Rg6 20. f3 Nd6 21. Bd3 Re6 22. Bxd6 Rxd6 23. e4 dxe4 24. fxe4 Rg6 25. Rab1 Rc8 26. Rb2 Rg5 27. d5 Bd7 28. c4 a5 29. Rc1 Rc5 30. Kf2 g6 31. Ke3 a4 32. Kd4 Rc8 33. c5 a3 34. Rf2 Kf8 35. c6 Be8 36. Rb1 Ke7 37. Ba6 Ra8 38. Rb7+ Kd8 39. c7+ Kd7 40. Rb8 1-0

[Event "COL-ch sf (Women)"]
[Site "Santa Rosa"]
[Date "2021.08.14"]
[Round "5"]
[White "Sanchez Riobo, Emily Dainne"]
[Black "Ramos Rocha, Natalia"]
[Result "1-0"]
[WhiteElo "1368"]
[BlackElo "1184"]
[PlyCount "95"]
[EventDate "2021.08.12"]
[EventType "swiss"]
[EventRounds "9"]
[EventCountry "COL"]
[SourceTitle "CBM 204 Extra"]
[Source "ChessBase"]
[SourceDate "2021.11.30"]
[SourceVersion "1"]
[SourceVersionDate "2021.11.30"]
[SourceQuality "1"]

1. d4 e6 2. c4 Nf6 3. Nf3 Bb4+ 4. Bd2 Bxd2+ 5. Nbxd2 0-0 6. g3 d5 7. Bg2 Re8 8. 0-0 c6 9. e3 Nbd7 10. Rc1 e5 11. dxe5 Nxe5 12. Nxe5 Rxe5 13. cxd5 Nxd5 14. Nc4 Re8 15. Qd4 Be6 16. Rfd1 Qe7 17. b3 b6 18. Ne5 c5 19. Qa1 Qb7 20. Rd2 f6 21. Nc4 Qf7 22. Nd6 Qh5 23. Nxe8 Rxe8 24. Rcd1 Nc7 25. Qc3 Bg4 26. Rc1 Ne6 27. Qc4 Kh8 28. Qd5 Qf7 29. f3 Bh5 30. Rcd1 h6 31. Qd7 Qf8 32. Qxa7 b5 33. g4 Bg6 34. Qb6 b4 35. Rd6 Ng5 36. Qxc5 Nf7 37. R6d5 Qxc5 38. Rxc5 Rxe3 39. Rc8+ Kh7 40. Kf2 Re6 41. Rb8 Ra6 42. Rd2 Bb1 43. Rxb4 Ne5 44. Kg3 f5 45. gxf5 Bxf5 46. Rb5 Rg6+ 47. Kf4 Nc6 48. Rxf5 1-0

[Event "COL-ch sf (Women)"]
[Site "Santa Rosa"]
[Date "2021.08.13"]
[Round "3"]
[White "Sanchez Riobo, Emily Dainne"]
[Black "Hernandez Bermudez, Manuela"]
[Result "0-1"]
[WhiteElo "1368"]
[BlackElo "1858"]
[PlyCount "102"]
[EventDate "2021.08.12"]
[EventType "swiss"]
[EventRounds "9"]
[EventCountry "COL"]
[SourceTitle "CBM 204 Extra"]
[Source "ChessBase"]
[SourceDate "2021.11.30"]
[SourceVersion "1"]
[SourceVersionDate "2021.11.30"]
[SourceQuality "1"]

1. d4 Nf6 2. c4 g6 3. Nf3 Bg7 4. Nc3 d5 5. Qb3 dxc4 6. Qxc4 0-0 7. Bf4 Nc6 8. e4 Nh5 9. Be3 e5 10. d5 Na5 11. Qa4 b6 12. b4 Bd7 13. Bb5 Bxb5 14. Nxb5 Nc4 15. Qb3 Nxe3 16. Qxe3 a6 17. Nc3 Qd6 18. Rb1 f5 19. 0-0 h6 20. h4 Rae8 21. b5 a5 22. Rfc1 f4 23. Qd2 Bf6 24. Ne2 g5 25. Rc6 Qd8 26. hxg5 hxg5 27. Rbc1 g4 28. Nh2 f3 29. gxf3 Rf7 30. R1c2 gxf3 31. Nxf3 Qd7 32. R2c3 Rg7+ 33. Ng3 Nxg3 34. fxg3 Rxg3+ 35. Kf2 Qh3 36. Qd1 Rg2+ 37. Ke3 Bg5+ 38. Kd3 Rd2+ 39. Qxd2 Bxd2 40. Kxd2 Qg2+ 41. Ke3 Qg3 42. Rf6 Rf8 43. Rxf8+ Kxf8 44. Rxc7 Qf4+ 45. Kf2 Qxe4 46. d6 Qd5 47. d7 Ke7 48. a4 e4 49. Ng1 Qd4+ 50. Kf1 e3 51. Nf3 Qf4 0-1

[Event "COL Intercollegiate-ch U14 Girls"]
[Site "Paipa"]
[Date "2019.12.13"]
[Round "7"]
[White "Mercado Maestre, Maria Angel"]
[Black "Sanchez Riobo, Emily Dainne"]
[Result "1-0"]
[WhiteElo "1276"]
[BlackElo "1370"]
[PlyCount "75"]
[EventDate "2019.12.11"]
[EventType "swiss"]
[EventRounds "7"]
[EventCountry "COL"]
[SourceTitle "CBM 193 Extra"]
[Source "ChessBase"]
[SourceDate "2020.01.31"]
[SourceVersion "1"]
[SourceVersionDate "2020.01.31"]
[SourceQuality "1"]

1. d4 d5 2. c4 c6 3. Nc3 Nf6 4. cxd5 cxd5 5. Bg5 e6 6. e3 Be7 7. Bd3 0-0 8. f4 h6 9. Bh4 Nc6 10. Nf3 Qb6 11. Rb1 Nb4 12. Ne5 Re8 13. a3 Nxd3+ 14. Qxd3 Bd7 15. Bxf6 Bxf6 16. Nxd7 Qd8 17. Nxf6+ Qxf6 18. 0-0 Rac8 19. Nb5 Red8 20. Nxa7 Rb8 21. Nb5 Qe7 22. Rbc1 Rd7 23. Rc3 b6 24. Rfc1 g6 25. Rc8+ Rxc8 26. Rxc8+ Kg7 27. Qc3 Qf6 28. Rc7 Rd8 29. Qc6 Qf5 30. Qc2 Qf6 31. Na7 g5 32. Nc6 Rf8 33. fxg5 hxg5 34. Ne5 Kg8 35. Qf2 Qg7 36. a4 Qh7 37. Nd7 Rd8 38. Nf6+ 1-0